000 01115nam0a22003011 4500
001 rc\2120750
005 20250623062544.0
035 _a(NLR Aleph) 006628137
090 _a7521460
_c7521460
100 _a20110829d1979 |||y0rusy50 ca
101 0 _arus
102 _aRU
105 _ay z |||||
200 1 _aАномальная экранировка остовной вакансии и электронные спектры твердых тел
_fР.В. Ведринский, С.А. Просандеев, И.И. Гегузин, Ю.А. Тетерин
210 _aМосква
_cИАЭ
_d1979
215 _a27 с.
_cграф.
_d22
225 1 _aИнститут атомной энергии имени И.В. Курчатова
_vИАЭ-3200
320 _aБиблиогр.: с. 26-27
701 1 _aГегузин
_bИ.И.
701 1 _aТетерин
_bЮ.А.
701 1 _aПросандеев
_bС.А.
701 1 _aВедринский
_bР.В.
801 0 _aRU
_bNLR
_gpsbo
801 1 _aRU
_bELAR
_2rusmarc
852 _aNLR
_j80-6/3440
899 _aRuMoRGB
_jB 80-37/1570
942 _cBOOK
980 _aNB